MyGZULibrary

The ethics of environmental concern / (Record no. 1084)

MARC details
000 -LEADER
fixed length control field 00939cam a2200277 a 4500
001 - CONTROL NUMBER
control field 1541441
003 - CONTROL NUMBER IDENTIFIER
control field GZU
005 - DATE AND TIME OF LATEST TRANSACTION
control field 20200923110618.0
008 - FIXED-LENGTH DATA ELEMENTS--GENERAL INFORMATION
fixed length control field 910129s1991 gau b 001 0 eng
010 ## - LIBRARY OF CONGRESS CONTROL NUMBER
LC control number 91007954
020 ## - INTERNATIONAL STANDARD BOOK NUMBER
International Standard Book Number 0820313491 (alk. paper)
020 ## - INTERNATIONAL STANDARD BOOK NUMBER
International Standard Book Number 0820313440 (pbk. : alk. paper)
040 ## - CATALOGING SOURCE
Original cataloging agency DLC
Transcribing agency DLC
Modifying agency DLC
050 00 - LIBRARY OF CONGRESS CALL NUMBER
Classification number GF80
Item number ATT 1991
082 00 - DEWEY DECIMAL CLASSIFICATION NUMBER
Classification number 179/.1
Edition number 20
100 1# - MAIN ENTRY--PERSONAL NAME
Personal name Attfield, Robin.
245 14 - TITLE STATEMENT
Title The ethics of environmental concern /
Statement of responsibility, etc. Robin Attfield.
250 ## - EDITION STATEMENT
Edition statement 2nd ed.
260 ## - PUBLICATION, DISTRIBUTION, ETC.
Place of publication, distribution, etc. Athens, Ga. :
Name of publisher, distributor, etc. University of Georgia Press,
Date of publication, distribution, etc. c1991.
300 ## - PHYSICAL DESCRIPTION
Extent xxiii, 249 p. ;
Dimensions 24 cm.
504 ## - BIBLIOGRAPHY, ETC. NOTE
Bibliography, etc. note Includes bibliographical references (p. 215-233) and index.
650 #0 - SUBJECT ADDED ENTRY--TOPICAL TERM
Topical term or geographic name entry element Environmental ethics.
906 ## - LOCAL DATA ELEMENT F, LDF (RLIN)
a 7
b cbc
c orignew
d 1
e ocip
f 19
g y-gencatlg
942 ## - ADDED ENTRY ELEMENTS (KOHA)
Source of classification or shelving scheme Library of Congress Classification
Koha item type Books
Classification part 80
Item part ATT
Call number prefix GF
Holdings
Withdrawn status Lost status Damaged status Not for loan Collection code Home library Current library Shelving location Date acquired Total Checkouts Full call number Barcode Date last seen Copy number Price effective from Koha item type
        Non-fiction City Campus Library City Campus Library General Stacks 09/23/2020   GF 80 ATT 1991 BO15941 09/23/2020 C.1 09/23/2020 Books